000 00744nam a2200169 i 4500
001 76587
003 ES-MaACL
005 20231224062925.0
007 t|
008 041004s1964 sp ||||1| spa d
100 1 _aGuillamón Salcedo, Moisés
_960717
245 1 0 _aDerecho privado
_b: contiene el derecho civil, hipotecario, mercantil, y el derecho penal y procesal de las Contestaciones a secretarios de la categoría de Administración local, ajustadas al programa publicado en el BOE de 30 de enero de 1964 /
_cMoisés Guillamón Salcedo ; prólogo de Manuel Delgado-Iribarren y Negrao.
260 _aMadrid :
_b[s.n.,
_c1964]
300 _a629 p. ;
_c24 cm.
852 _aES-MaACL
_jC-24786
_bR.53603
999 _c76587
_d76587